000 00987nam a2200277 a 4500
001 C01516032c-8
003 CO-ViMGA
005 20230915224038.0
008 151215s2013 ck a gr 0001j spa d
020 _a9789588827001
040 _aCO-ViMGA
_bspa
_cCO-ViMGA
082 0 4 _aI808.83
_bB17
_219
245 1 0 _aBarbas, pelos y cenizas /
_cilustrador Daniel Gómez.
250 _aEditor Moisés Melo.
260 _a[Bogotá?] :
_bMinisterio de Cultura de Colombia :
_bMinisterio de Educación Nacional,
_c2013.
300 _a32 páginas :
_bilustraciones ;
_c28 cm.
490 1 _aLeer es mi cuento ;
_v4
490 1 _aPlan Nacional de Lectura y Escritura
650 4 _aCuentos infantiles
_v Colecciones.
_91788
650 4 _aDiablo
_v Cuentos infantiles.
_98184
650 4 _aPobreza
_v Cuentos infantiles.
_98185
650 4 _aRiqueza
_v Cuentos infantiles.
_98186
700 1 _aGómez, Daniel,
_eilustrador.
_98188
700 1 _aMelo, Moisés,
_eeditor.
_98187
942 _2ddc
_cBK
999 _c122
_d122